| Tag |
First Indicator |
Second Indicator |
Subfields |
| LEADER |
00000cam a2200000 a 4500 |
| 001 |
in00001403354 |
| 005 |
20151020055501.0 |
| 008 |
961125s1997 enka b 001 0 eng |
| 010 |
|
|
|a 96051866
|
| 015 |
|
|
|a GB97-55302
|
| 020 |
|
|
|a 0415146550 (pbk.)
|
| 035 |
|
|
|a (OCoLC)36024114
|
| 035 |
|
|
|9 AHN4589AM
|
| 040 |
|
|
|a DLC
|c DLC
|d UKM
|d C#P
|d TXA
|d UtOrBLW
|
| 043 |
|
|
|a u-at---
|
| 049 |
|
|
|a TXAM
|
| 050 |
0 |
0 |
|a LA2104
|b .M44 1997
|
| 082 |
0 |
0 |
|a 372.994
|2 21
|
| 245 |
0 |
0 |
|a Meeting the challenges of primary schooling /
|c edited by Lloyd Logan and Judyth Sachs.
|
| 264 |
|
1 |
|a London ;
|a New York :
|b Routledge,
|c 1997.
|
| 300 |
|
|
|a xi, 264 pages :
|b illustrations ;
|c 24 cm.
|
| 336 |
|
|
|a text
|b txt
|2 rdacontent
|
| 337 |
|
|
|a unmediated
|b n
|2 rdamedia
|
| 338 |
|
|
|a volume
|b nc
|2 rdacarrier
|
| 490 |
1 |
|
|a Educational management series
|
| 504 |
|
|
|a Includes bibliographical references and index.
|
| 650 |
|
0 |
|a Education, Elementary
|z Australia.
|
| 650 |
|
0 |
|a Education, Elementary
|z Australia
|x Administration.
|
| 650 |
|
0 |
|a Education, Elementary
|z Australia
|x Curricula.
|
| 650 |
|
0 |
|a Elementary school teaching
|z Australia.
|
| 700 |
1 |
|
|a Logan, Lloyd.
|
| 700 |
1 |
|
|a Sachs, Judyth,
|d 1954-
|
| 830 |
|
0 |
|a Educational management series.
|
| 999 |
|
|
|a MARS
|
| 999 |
f |
f |
|s 81794d51-eb08-3446-9679-ba7a8d1f43a9
|i 53bb4d8e-6af8-3a72-8332-7a745f0984b3
|t 0
|
| 952 |
f |
f |
|p normal
|a Texas A&M University
|b College Station
|c Sterling C. Evans Library
|d Evans: Library Stacks
|t 0
|e LA2104 .M44 1997
|h Library of Congress classification
|i unmediated -- volume
|m A14822133787
|
| 998 |
f |
f |
|a LA2104 .M44 1997
|t 0
|l Evans: Library Stacks
|